00386nam a2200157Ia 4500008004100000020001800041245002400059245004800083260001500131260001600146260000900162300001400171300002500185300001000210500000800220170705s9999 xx 000 0 und d a9780545102025 aFirst day jitters / cJulie Danneberg ; illustrated by Judy Love. aNew York : bScholastic, c2000 aunpaged : bcolor illustration ; c26cm. a210